[Event "RUS-ch 54th"]
[Site "Elista"]
[Date "2001.05.04"]
[Round "5"]
[White "Kharlov, Andrei"]
[Black "Epishin, Vladimir"]
[Result "1/2-1/2"]
[WhiteElo "2639"]
[BlackElo "2579"]
[Annotator "Kostakiev,D"]
[PlyCount "48"]
[EventDate "2001.04.29"]
[EventType "swiss"]
[EventRounds "9"]
[EventCountry "RUS"]
[SourceTitle "CBM 083"]
[Source "ChessBase"]
[SourceDate "2001.07.05"]
[SourceVersion "1"]
[SourceVersionDate "2001.07.05"]
[SourceQuality "1"]

1. b3 e5 2. Bb2 Nc6 3. e3 Nf6 4. Bb5 Bd6 {Anderssen} 5. Ne2 (5. Na3 Na5 (5...
e4 6. Nc4 Be7 {Walti-Shabalov/Suhr op/1992 (10)}) 6. Nf3 a6 {Murej-Sveshnikov/
URS/1975 (11)}) (5. d4 $2 exd4 6. Bxc6 $2 Bb4+ $1 {Muhamedzanov-Kholmov/URS/
1974 (10)}) (5. d3 Ne7 6. d4 exd4 7. Bxd4 Nf5 8. Bb2 {0-1 Suhle,B-Anderssen,A/
Breslau 1859/EXT 99 (25). (25)}) (5. g4 O-O 6. Nc3 Bb4 7. g5 Bxc3 8. dxc3 Ne4 {
0-1 Arencibia,W-Efimov,I/9th Aosta Valley, Saint Vincent ITA 2001 (26)}) 5...
O-O (5... a6 6. Bxc6 dxc6 7. Nbc3 (7. d3 O-O 8. Nd2 Qe7 9. h3 {1/2-1/2
Arencibia,W-Estremera Panos,S/Malaga 2000/CBM 74 ext (31)}) (7. Ng3 h5 8. Nc3
h4 9. Nge4 {Cohn-Hartston/Oxford/1971} h3 $5 $13) 7... e4 8. Ng3 Qe7 9. Qe2 {
0-1 Bischoff,K-Sutovsky,E/Essen 2001/CBM 83_01 (26)}) (5... Ne7 6. Ng3 c6 7.
Bd3 Bc7 8. Nh5 Nxh5 {1-0 Arencibia,W-Huerta,R/Merida 2000/CBM 79 ext (43)}) 6.
O-O (6. Bxc6 dxc6 7. O-O Re8 {0-1 Bursic,E-Ionescu,M/Pula 1997/EXT 2000 (63)})
(6. d4 exd4 7. Nxd4 Bb4+ 8. c3 {1/2-1/2 Baron Rodriguez,J-Stefanova,A/Mancha
Real 2000/EXT 2001 (62)}) 6... Re8 7. Bxc6 $146 (7. f4 e4 8. Ng3 a6 9. Be2 Bc5
{1/2-1/2 Bagirov,V-Comp Fritz 5/Muenster 1997/CBM 60 ext (34)}) (7. Ng3 e4 8.
Be2 Be5 9. Bxe5 Nxe5 10. d4 exd3 11. cxd3 d5 12. d4 $14 {1/2-1/2 Morozevich,
A-Sveshnikov,E/Podolsk 1993/CBM 38/[Horn,Pe] (49)}) 7... bxc6 (7... dxc6 $5 8.
c4 (8. f4) 8... Bd7 9. Nbc3 a5 10. Qb1 c5 $132) 8. d3 Bf8 9. Ng3 (9. d4) 9...
d5 10. Nd2 (10. c4) 10... a5 (10... Rb8 11. c4 Bg4 12. Nf3 a5 $15) 11. a4 Bd6
12. e4 $15 (12. h3) 12... g6 $6 (12... Bb4 13. c3 Bc5 14. Nf3 Bg4 $15) 13. Nf3
$11 Nd7 (13... d4 $142) 14. Re1 $14 d4 15. Bc1 Nf8 (15... Bf8) 16. Nd2 (16. Bg5
Be7 17. Bd2 $14) 16... Be6 17. Rf1 f6 18. Nb1 h5 19. h4 Re7 20. Bd2 Rh7 21. Na3
Qe7 22. Qc1 Nd7 23. Ne2 Rf7 24. f3 Kh7 $14 1/2-1/2

[Event "Cutro 07th"]
[Site "Cutro"]
[Date "2001.04.24"]
[Round "3"]
[White "Chatalbashev, Boris"]
[Black "Borgo, Giulio"]
[Result "0-1"]
[WhiteElo "2518"]
[BlackElo "2408"]
[Annotator "Kostakiev,D"]
[PlyCount "52"]
[EventDate "2001.04.22"]
[EventType "tourn"]
[EventRounds "10"]
[EventCountry "ITA"]
[EventCategory "9"]
[SourceTitle "CBM 083"]
[Source "ChessBase"]
[SourceDate "2001.07.05"]
[SourceVersion "1"]
[SourceVersionDate "2001.07.05"]
[SourceQuality "1"]

1. b3 c5 2. Bb2 e6 3. e3 Nf6 4. f4 b6 (4... Be7 5. Nf3 d6 6. Bb5+ Bd7 {0-1
Auer,C-Theisinger,F/Hauenstein 1991/GER (51)}) 5. Nf3 Bb7 6. Be2 (6. Bd3 d6 7.
O-O Nbd7 8. Nc3 {1-0 Vokac,M-Dranov,A/Ceske Budejovice 1993/EXT 97 (31)}) 6...
d6 $146 (6... Be7 7. O-O O-O 8. Qe1 d5 (8... d6 9. Qg3 Re8 10. d3 Bf8 11. e4
Nbd7 {0-1 Kunz,K-Golda,H/Passau 1999/EXT 2000 (45)}) 9. d3 Nbd7 10. Nbd2 b5 11.
Ne5 {1/2-1/2 Nothnagel,M-Kappeler,R/Germany 1993/GER (30)}) 7. O-O Nbd7 8. a4
Be7 9. a5 $11 O-O 10. Na3 Nd5 11. axb6 axb6 12. Nb5 N7f6 13. Rxa8 Qxa8 14. c4
Nb4 15. Bxf6 Bxf6 16. Nxd6 Bc6 17. Ne5 (17. Qb1 $11) 17... Bxg2 $15 18. Rf2 Bc6
(18... Bxe5 19. fxe5 Bc6 20. Bf1 Be4 $11) 19. Qb1 $2 (19. Nxc6 Qxc6 20. Nb5 $11
) 19... Bh4 $19 20. Bh5 (20. Rf1 $142 Qd8 21. Nxc6 $17) 20... Bxf2+ $19 (20...
f6 21. Nxc6 Bxf2+ $19) 21. Kxf2 g6 22. Nxg6 fxg6 23. Bxg6 Qa7 24. Be4 Bxe4 25.
Nxe4 Qg7 26. Ng3 Qg6 0-1

[Event "Berga op"]
[Site "Berga"]
[Date "1995.??.??"]
[Round "7"]
[White "Gonzalez, JA."]
[Black "Marin, Mihail"]
[Result "0-1"]
[WhiteElo "2395"]
[BlackElo "2520"]
[Annotator "Marin,M"]
[PlyCount "84"]
[EventDate "1995.??.??"]
[EventType "swiss"]
[EventRounds "9"]
[EventCountry "ESP"]
[SourceTitle "EXT 1997"]
[Source "ChessBase"]
[SourceDate "1996.11.15"]
[SourceVersion "1"]
[SourceVersionDate "1996.11.15"]
[SourceQuality "1"]

1. b3 e5 2. Bb2 d6 3. e3 f5 4. Nf3 Nf6 5. d4 e4 6. Nfd2 c6 7. c4 g6 8. Nc3 Bg7
9. Qc2 O-O 10. O-O-O Na6 11. a3 Nc7 12. h3 Qe7 13. Kb1 (13. g4 fxg4 14. Ndxe4
Nxe4 15. Nxe4 (15. Qxe4 Qxe4 16. Nxe4 d5 17. cxd5 cxd5 18. Nc5 Rxf2) 15... Bf5
16. Bd3 gxh3) 13... Bd7 14. Ka2 (14. Be2 b5 15. cxb5 $2 cxb5 16. Ncxe4 $2 Nxe4
17. Nxe4 (17. Qxc7 Nxf2) 17... Qxe4 $1 18. Bd3 Qb7) 14... b5 15. g4 (15. cxb5
Nxb5 (15... cxb5 16. Ncxe4) 16. Bc4+ Kh8 17. Ndb1 a5 18. Na4 Rab8 19. Nbc3 Be6
$13) 15... bxc4 16. bxc4 d5 17. g5 (17. gxf5 Bxf5) 17... Nh5 18. h4 (18. Be2 $5
Qxg5 19. h4 Qh6 20. Nb3 $44) 18... f4 19. cxd5 $6 (19. Nb3) 19... cxd5 20. Nb3
fxe3 21. fxe3 Ng3 22. Rg1 Nf5 $15 23. Bc1 (23. Nxe4 Nxe3) (23. Re1 Nxh4 24.
Nxe4 Bf5 25. Qc5 Qxc5 26. Nexc5 Nf3 $17) 23... Qd6 (23... Nxh4 24. Nxe4 Bf5 25.
Qc5 Qxc5 26. Nexc5 $14) 24. Nc5 (24. h5 $1) 24... Rab8 (24... Nxh4 $1) 25. h5
Rfc8 26. hxg6 hxg6 27. Bd2 Ne6 28. Nxd7 Qxd7 29. Ba6 Rc6 30. Qa4 Nexd4 $6 (
30... Nfxd4 $1 31. Rb1 (31. exd4 Rxc3 32. Qxd7 Rc2+ 33. Ka1 Bxd4+ $19) 31...
Rxb1 32. Rxb1 Nc5 33. Rb8+ Kf7 34. Qd1 Rxa6 35. exd4 Bxd4 $17) (30... Rxc3 31.
Qxd7 Rc2+ 32. Ka1 Nexd4 33. Qxg7+ Kxg7 34. exd4) 31. exd4 $2 (31. Rb1 Qd6 (
31... Rxb1 32. Rxb1 Nf3 33. Bb5 Nxd2 34. Bxc6 Nxb1 35. Bxd5+ $1 $18 (35. Bxd7
Nxc3+ 36. Kb3 Nxa4)) 32. Rxb8+ Qxb8 33. exd4 Rxc3 34. Rb1 Qh2 $13) 31... Rxc3
$19 32. Bb5 (32. Qxd7 Rc2+ 33. Ka1 Bxd4+) 32... Rxb5 33. Bxc3 Rb2+ 34. Bxb2
Qxa4 35. Rc1 Bxd4 36. Bxd4 Qxd4 37. Rgd1 Qb6 38. Rb1 Qd6 39. Rb7 d4 40. Rxa7 d3
41. Rc1 Qd5+ 42. Kb1 Nd6 0-1

[Event "Krynica zt"]
[Site "Krynica"]
[Date "1998.09.04"]
[Round "3"]
[White "Vokac, Marek"]
[Black "Marin, Mihail"]
[Result "1/2-1/2"]
[WhiteElo "2525"]
[BlackElo "2530"]
[Annotator "Marin,M"]
[PlyCount "20"]
[EventDate "1998.09.02"]
[EventType "swiss"]
[EventRounds "9"]
[EventCountry "POL"]
[SourceTitle "CBM 067"]
[Source "ChessBase"]
[SourceDate "1998.11.30"]
[SourceVersion "2"]
[SourceVersionDate "1998.11.01"]
[SourceQuality "1"]

1. b3 e5 2. Bb2 d6 3. e3 f5 $6 (3... g6 4. d4 Nd7 5. dxe5 dxe5 6. Nf3 Bg7 7.
Bc4 Nh6 8. O-O O-O 9. e4 $14) 4. d4 $1 e4 5. d5 Nf6 6. h4 Be7 7. Nh3 O-O 8. Be2
Nbd7 9. Nc3 a6 10. h5 (10. Qd2 {/\ 0-0-0, Rdf(g)1, Bd1, Ne2-d4}) 10... Ne5
1/2-1/2

[Event "EU-Cup 32nd"]
[Site "Novi Sad"]
[Date "2016.11.12"]
[Round "7.2"]
[White "Rapport, Richard"]
[Black "Radjabov, Teimour"]
[Result "0-1"]
[WhiteElo "2730"]
[BlackElo "2696"]
[Annotator "Mekhitarian,K"]
[PlyCount "56"]
[EventDate "2016.11.06"]
[EventType "team-swiss"]
[EventRounds "7"]
[EventCountry "SRB"]
[SourceTitle "CBM 176"]
[Source "ChessBase"]
[SourceDate "2017.01.17"]
[SourceVersion "1"]
[SourceVersionDate "2017.01.17"]
[SourceQuality "1"]
[WhiteTeam "Sveti Nikolaj Srpski"]
[BlackTeam "Odlar Yurdu"]
[WhiteTeamCountry "SRB"]
[BlackTeamCountry "AZE"]

1. b3 b6 2. Bb2 Bb7 3. Nc3 {This is the new Jobava/Rapport fashion; it's a
copy of the King's Indian development setup (g3, Nf3, Bg2, O-O) on the other
flank! Here White also needs to add Qd2 and O-O-O to the mix.} Nf6 4. d4 e6 5.
f3 $6 {Rapport is known to be one of the most creative players of this
generation. Once again he shows a great desire to get his opponent out of
standard positions. Here I think it is dubious, because Black has a simple and
clean development plan.} (5. Nf3 {it would be weird to develop calmly after
such an exotic start} Be7 6. e3 c5 7. Bd3 O-O 8. O-O $11 {and we simply have a
position where the c3-knight is misplaced (White should play c4 beforehand in
these cases, so then the c-pawn helps to build a nice centre).}) 5... d5 6. Qd2
Be7 7. O-O-O O-O 8. e3 c5 9. Kb1 Nc6 10. Nge2 Rc8 11. g4 c4 $1 {A typical idea
used in the French Defence, to create a strong pawn assault against the
opponent's king.} 12. g5 (12. bxc4 $2 {hoping for} dxc4 $2 (12... Na5 $1 $17 {
[%cal Ga5c4] puts White in a horrible position}) 13. e4 $36 {could be
interesting for White.}) 12... Ne8 13. h4 Ba6 14. Nf4 $6 (14. e4 $1 {has to be
tried - Black is building a strong flank attack, and White needs to create
some sort of a central counterplay. In a battle between attacks, Radjabov will
be in the driver's seat.} b5 15. exd5 exd5 16. bxc4 $1 bxc4 (16... dxc4 $2 17.
d5 $1 $36) (16... Nd6 17. Nf4 $1 $132 {[%csl Rd5] avoiding ...Nxc4 at all
costs, and White attacks the d5-pawn, achieving the aforementioned central
counterplay}) 17. Ka1 Rb8 18. f4 {followed by Bg2. I prefer Black's position,
but there is play} Nc7 19. f5 $132) 14... b5 15. Qg2 Qa5 {It starts to get
really messy around here, Black has too many pieces on the queenside. I would
think that White has to play 16.g6! and start something as soon as possible.}
16. h5 (16. g6 $5 Bb4 (16... hxg6 {normally helps White's attack} 17. h5 g5 18.
h6 $1 g6 19. Nh3 $1 $40) 17. gxh7+ Kxh7 18. Nfe2 {and White could try
something with h5, e4. The queenside looks safe for a while} Ne7 {threatening .
..cxb3} 19. h5 cxb3 (19... Nf5 {[%csl Re3]} 20. Qf2 cxb3 21. axb3 Bxc3 22. Nxc3
Rxc3 23. e4 dxe4 24. fxe4 $132) 20. axb3 Bxc3 21. Nxc3 Rxc3 22. Bxc3 Qxc3 23.
Bd3+ $40 {with good attacking prospects.}) 16... Bb4 17. Ncxd5 $2 {Too
optimistic, White doesn't actually threaten Nf6+ after the sacrifice, and will
lack defensive pieces on the queenside.} (17. Nfe2 $5 {similar to the analysis
after White's 16th move} Ne7 $40 {[%cal Rc4b3,Rc8c3]} 18. g6 {there is a big
difference here, Black can play 18...h6! because the white knight is no longer
on f4 -} h6 $1 19. gxf7+ Rxf7 $17) 17... exd5 18. Nxd5 Rd8 19. f4 (19. Nf6+ $2
gxf6 20. gxf6+ Kh8 $19 {[%csl Ge8][%cal Ge8g7] the e8-knight plays an
important role now!}) (19. c3 Ba3 $1 (19... Rxd5 $2 20. cxb4 Nxb4 21. Bc3 $1 {
surprisingly enough, White is in the game, despite being a piece down for only
a pawn, and having a weak king. Qd2 is a strong threat.} Qa3 22. e4 Rd8 23. Qd2
Nc6 24. Bb2 $40 {followed by h6 and d5, potentially creating a very strong
attack against the black king}) 20. Bxa3 Qxa3 21. e4 Rxd5 $1 22. exd5 Ne7 $17)
19... Ba3 20. Ba1 Bb7 $1 {[%cal Gb7h1] Preparing a devastating sacrifice.} 21.
Be2 Rxd5 $1 22. Qxd5 Nd8 (22... Nd6 $5 $19 {was the best, threatening the
decisive ...Nb4 followed by ...Be4.}) 23. Qd7 $6 (23. Qe5 $1 {was the last
chance to survive} Nc6 $1 (23... Nd6 $2 24. d5 $1 $16 {[%cal Ga1g7] look who
just woke up!}) (23... Bxh1 24. Rxh1 $44 {is not clear at all, White has too
many pawns and a strong structure}) 24. Qd5 Nd6 $19 {transposing to Black's
22th move analysis.}) 23... Be4 {Now Black wants to bring the knights back
into the game and decide.} (23... Bxh1 $6 24. Rxh1 {although White should be
lost, he has some chances to survive}) (23... Nd6 $1 {was much stronger} 24. d5
Bc8 $1 25. Qe7 Re8 $1 $19 {winning the lonely white queen!}) 24. Rhf1 $2 (24.
d5 $1 {the last try, and a good one} Qb4 $1 (24... Nd6 25. g6 $1 $132) 25. Be5
$1 cxb3 26. axb3 Qxb3+ 27. Ka1 {and by some miracle, Black is not winning
right away (it is important to notice the three black pieces sitting on the
1st rank)} Bb2+ 28. Bxb2 Qa4+ 29. Kb1 Qxc2+ 30. Ka2 Qxe2 {[%cal Ge2c4,Gc4a4]}
31. Ka1 Bxh1 32. Rxh1 b4 $1 33. Qa4 (33. Qxd8 $2 Qa6+ 34. Kb1 Nd6 $1 35. Qe7 b3
$19 {and Black wins with ...Qa2 and ...Rc8 next.}) 33... Qxe3 34. Qxb4 Nc7 $19)
24... Nd6 25. f5 Nc6 {[%cal Gc6b4] White can't handle it anymore.} 26. g6 Nb4
$1 27. Bc3 cxb3 28. gxf7+ Rxf7 {...and White resigned since the threats are
completely unstoppable. A convincing win from Radjabov, a very talented and
classical player, who achieved his peak rating in 2012 with an impressive 2793.
He still is a player to be reckoned with.} 0-1

[Event "Slupsk op"]
[Site "Slupsk"]
[Date "1988.08.14"]
[Round "8"]
[White "Moehring, Guenther"]
[Black "Petran, Peter"]
[Result "1-0"]
[WhiteElo "2395"]
[BlackElo "2335"]
[Annotator "Moehring,G"]
[PlyCount "137"]
[EventDate "1988.08.04"]
[EventType "swiss"]
[EventRounds "11"]
[EventCountry "POL"]
[SourceTitle "EXT 2015"]
[Source "ChessBase"]
[SourceDate "2014.11.20"]
[SourceVersion "1"]
[SourceVersionDate "2014.11.20"]
[SourceQuality "1"]

1. b3 e5 2. Bb2 Nc6 3. e3 Nf6 4. Nf3 e4 5. Nd4 Nxd4 6. Bxd4 Be7 7. c4 O-O 8.
Nc3 c6 9. Be2 d6 10. Qc2 Bf5 11. Rd1 Re8 12. d3 Qa5 13. O-O exd3 14. Bxd3 Bxd3
15. Rxd3 Nd7 16. Ne2 Bf8 17. Ng3 Nc5 18. Qd2 Qa3 19. Bxc5 Qxc5 20. Rd1 a5 21.
Rd4 Qb4 22. Nf5 c5 23. Rd5 b5 24. cxb5 Qxb5 25. Nxd6 Bxd6 26. Rxd6 a4 27. Qd5
Rac8 (27... axb3 $2 28. Qxa8 Rxa8 29. Rd8+ Qe8 30. Rxe8+ Rxe8 31. axb3 $18) 28.
Rd7 Rf8 29. g3 axb3 30. axb3 Rb8 31. Rd3 g6 32. Rc3 Qb4 33. Rd3 Rbc8 34. Qc4
Qxc4 35. bxc4 Rfe8 36. Kg2 Re4 37. Rc3 h5 38. f3 Re6 39. Rd5 Ra6 40. Rc2 Kg7
41. f4 Ra3 42. e4 Rc7 43. e5 Rb3 44. Rd8 Ra3 45. Kh3 Re3 46. Ra2 g5 47. Raa8
gxf4 48. Rg8+ Kh7 49. Rh8+ Kg6 50. Rag8+ Kf5 51. Rxh5+ Ke6 52. Re8+ Kd7 53. Rf8
Ke7 $2 (53... Ke6 54. Kg2 (54. Rh4 fxg3 55. hxg3 Rxe5 56. Re8+ Kd6 57. Rh6+ Re6
$10) (54. Rh6+ Kxe5 $10) (54. Re8+ Kd7 55. Rhh8 fxg3 56. hxg3 Re4 $10) (54. Kg4
fxg3 55. Kf4 g2 56. Rg5 Rc3 $10) (54. Rd8 fxg3 55. Rd6+ (55. hxg3 Re4 $10)
55... Ke7 56. hxg3 Rxe5 $1 $10) 54... fxg3 55. hxg3 Rc3 56. Rh4 Kxe5 $10) 54.
Rxf7+ $1 $18 Kxf7 55. Rh7+ Ke6 56. Rxc7 f3 57. g4 Kxe5 58. Rxc5+ Ke4 59. Rc8
Kd3 60. g5 Ke2 61. Rf8 Re5 62. Kg4 f2 63. g6 f1=Q 64. Rxf1 Kxf1 65. h4 Kg2 66.
h5 Rc5 67. g7 Rxc4+ 68. Kf5 Rc8 69. h6 {3:23-3:10} 1-0